Statistics for Richest World Leaders

Click here to take the quiz!

General Stats

  • This quiz has been taken 34 times
  • The average score is 15 of 35

Answer Stats

CountryValueYears in PowerLeader% Correct
United States5 B2017-2021Donald Trump
100%
Russia200 B2012-PresentVladimir Putin
100%
North Korea4 B1994-2011Kim Jong-il
94%
North Korea5 B2011-PresentKim Jong-un
94%
Libya200 B1977-2011Muammar Gaddafi
94%
Germany7 B1933-1945Adolf Hitler
88%
United States0.5 B1789-1797George Washington
85%
Cuba1 B1976-2008Fidel Castro
82%
Spain4 B1939-1975Francisco Franco
82%
Syria2 B2000-PresentBashar Al-Assad
79%
France0.5 B1804-1815Napoléon Bonaparte
76%
Italy9 B1994-1995, 2001-2006, 2008-2011Silvio Berlusconi
76%
Egypt70 B1981-2011Hosni Mubarak
67%
Zimbabwe1 B1987-2017Robert Mugabe
67%
Iraq3 B1979-2003Saddam Hussein
67%
Indonesia55 B1967-1998Suharto
48%
Philippines53 B1972-1986Ferdinand Marcos
45%
Kazakhstan1 B1990-2019Nursultan Nazarbayev
33%
Zaire12 B1965-1997Mobutu Sese Seko
27%
Kenya0.5 B2002-2013Uhuru Kenyatta
27%
Azerbaijan3 B2003-PresentIlham Aliyev
15%
Uzbekistan1 B1989-2016Islam Karimov
12%
Chile3 B2010-2014, 2018-PresentSebastian Piñera
9%
Tunisia10 B1987-2011Zine El Abidine Ben Ali
9%
Angola20 B1979-2017José Eduardo dos Santos
6%
Iran1 B2007-2011Akbar Hashemi Rafsanjani
3%
Kenya3 B1978-2002Daniel Arap Moi
3%
Malaysia45 B1981-2003, 2018-2020Mahathir Mohamad
3%
Equatorial Guinea0.5 B1979-PresentTeodoro Obiang Nguema Mbasogo
3%
China3 B2003-2013Wen Jiabao
3%
Yemen64 B1990-2012Ali Abdullah Saleh
0%
Gabon2 B2009-PresentAli Bongo Ondimba
0%
United Kingdom1 B1852, 1858-1859, 1866-1868Edward Smith-Stanley
0%
Nigeria23 B1985-1993Ibrahim Babangida
0%
Nigeria6 B1993-1998Sani Abacha
0%

Score Distribution

Percentile by Number Answered

Percent of People with Each Score

Your Score History

You have not taken this quiz